U.S. Cities to States - Tile Selects #3 - Statistics

General Stats
  • This quiz has been taken 23 times
  • The average score is 52 of 60
Answer Stats
Question Tile Select % Correct
Cities in Texas. Austin Yes
100%
Cities in Texas. Dallas Yes
100%
Cities in Oklahoma. Des Moines No
100%
Cities in Texas. El Paso Yes
100%
Cities in Texas. Fort Worth Yes
100%
Cities in Kansas. Grand Rapids No
100%
Cities in New Mexico. Guadalajara No
100%
Cities in Texas. Houston Yes
100%
Cities in Texas. Key West No
100%
Cities in Texas. Long Beach No
100%
Cities in Oklahoma. Madison No
100%
Cities in Oklahoma. Oklahoma City Yes
100%
Cities in Oklahoma. Orlando No
100%
Cities in New Mexico. Pensacola No
100%
Cities in Kansas. Philadelphia No
100%
Cities in Kansas. Portland No
100%
Cities in Texas. Rockford No
100%
Cities in Oklahoma. Saint Paul No
100%
Cities in New Mexico. Santa Fe Yes
100%
Cities in Kansas. Savannah No
100%
Cities in Oklahoma. Seattle No
100%
Cities in New Mexico. Tijuana No
100%
Cities in Oklahoma. Tulsa Yes
100%
Cities in New Mexico. Albuquerque Yes
95%
Cities in Texas. Allentown No
95%
Cities in Arkansas. Baltimore No
95%
Cities in Texas. Cedar Rapids No
95%
Cities in Kansas. Conway No
95%
Cities in Arkansas. Detroit No
95%
Cities in Texas. Fort Wayne No
95%
Cities in Kansas. Harrison No
95%
Cities in New Mexico. Mexico City No
95%
Cities in Arkansas. Miami No
95%
Cities in Arkansas. Minneapolis No
95%
Cities in New Mexico. Phoenix No
95%
Cities in Oklahoma. Pittsburg No
95%
Cities in Kansas. Topeka Yes
95%
Cities in Kansas. Wichita Yes
95%
Cities in Arkansas. Ann Arbor No
90%
Cities in Texas. Arlington Yes
90%
Cities in New Mexico. Roswell Yes
90%
Cities in Arkansas. Evansville No
86%
Cities in Arkansas. Little Rock Yes
86%
Cities in Arkansas. Hot Springs Yes
81%
Cities in New Mexico. Las Cruces Yes
81%
Cities in Arkansas. Fort Smith Yes
76%
Cities in Kansas. Kansas City Yes
76%
Cities in Kansas. Overland Park Yes
76%
Cities in Oklahoma. Stillwater Yes
76%
Cities in Arkansas. Fayetteville Yes
71%
Cities in Kansas. Lawrence Yes
71%
Cities in Oklahoma. Norman Yes
71%
Cities in New Mexico. Taos Yes
71%
Cities in Arkansas. Bentonville Yes
67%
Cities in Oklahoma. Edmond Yes
52%
Cities in Oklahoma. Lawton Yes
52%
Cities in New Mexico. Puebla No
52%
Cities in New Mexico. White Sands Yes
48%
Cities in Kansas. Great Bend Yes
29%
Cities in Arkansas. Eureka Falls Yes
14%
No matching quizzes found
Score Distribution
Percent of People with Each Score
Percentile by Number Answered
Your Score History
You have not taken this quiz